mysqli: Table './ulib62015/stat_globaluid' is marked as crashed and should be repaired
select id from stat_globaluid where statuid='20260517132253_3413'
mysqli: Table './ulib62015/stat_globaluid' is marked as crashed and should be repaired
DELETE FROM stat_globaluid
WHERE id NOT IN (
SELECT id
FROM (
SELECT id
FROM stat_globaluid
ORDER BY id DESC
LIMIT 100
) foo
);
mysqli: Table './ulib62015/stat_globaluid' is marked as crashed and should be repaired
insert into stat_globaluid set
statuid='20260517132253_3413',
dt='1778998973',
phpself='/ULIB62015/dublinfull.php',
agent='Mozilla/5.0 AppleWebKit/537.36 (KHTML, like Gecko; compatible; ClaudeBot/1.0; +claudebot@anthropic.com)',
yea='2026',
mon='5',
dat='17',
ip='216.73.216.45'
mysqli: Table './ulib62015/stathist_viewbib_bib_type' is marked as crashed and should be repaired
insert into stathist_viewbib_bib_type set
dat='17' ,
mon='05' ,
yea='2026' ,
statuid='20260517132253_3413' ,
head='13399107856' ,
foot='marc' ,
dt='1778998973'
| LEADER : 00000nam 2200000uu 4500 |
| 008 101223s||||||||th 000 0 tha d |
| 020 0-201-91335-6
|
| 050 4 HF5548.4.L67^bE85 1992
|
| 100 1 Etter, D.M
|
| 245 14 The student edition of Lotus 1 2 3 for engineers :^brelease 2.3 /^cD.M. Etter
|
| 246 30 Lotus 1 2 3 for engineers :^brelease 2.3
|
| 260 Reading, Mass. :^bAddison-Wesley Pub.,^cc1992
|
| 300 lxi, 230, [206] p. +^e2 diskette
|
| 500 Library has diskette: C
|
| 650 0 LOTUS 1-2-3 (COMPUTER PROGRAM)
|
| 945 ^p0^l0^i014289 |
| 999 ^aบรรณารักษ์
|
| คุณยังไม่ได้ล็อกอิน คุณสามารถมีกิจกรรมร่วมกับเว็บไซต์ได้ แต่ต้องล็อกอินก่อน :: |
|
|
|
| ลำดับที่ |
ประเภท |
เลขเรียก/บาร์โค้ด |
สถานที่ |
สถานะ |
| 1. |
 หนังสือ | HF5548.4.L67 E85 Barcode: 014289 | หนังสือทั่วไป | บนชั้น ขอยืม |
|
ยังไม่เคยถูกคอมเมนท์
|
| คอมเมนท์ทรัพยากรรายการนี้ |
|